|
|
|
|
| LEADER |
00000nab a2200000 a 4500 |
| 001 |
vtls010736086 |
| 003 |
SK-MaSNL |
| 005 |
20260304190310.0 |
| 008 |
250709s1994 xo |||||||||||||||||slo| |
| 035 |
|
|
|a (urnnbn)urn:nbn:sk:snk:ar-a05icu
|
| 035 |
|
|
|a (uuid)1393c5d0-746b-46fd-824f-eb5db8f865dc
|
| 035 |
|
|
|a urn:nbn:sk:snk-ab3xkj
|
| 040 |
|
|
|a SNKBUCL
|b slo
|c SNKBUCL
|e AACR2
|
| 041 |
0 |
|
|a eng
|
| 044 |
|
|
|a xo
|c SK
|
| 100 |
1 |
|
|a Kráľová, Katarína,
|d 1944-
|4 aut
|9 220290
|
| 245 |
1 |
0 |
|a Effects of Cu(II) Complexes on Photosynthesis in Spinach Chloroplasts. Aqua(aryloxyacetato)copper(II) Complexes
|c K. Kráľová, F. Šeršeň, M. Blahová
|
| 700 |
1 |
|
|a Šeršeň, František,
|d 1944-
|4 aut
|9 219549
|
| 700 |
1 |
|
|a Blahová, M.
|4 aut
|9 298727
|
| 773 |
0 |
|
|t General physiology and biophysics : an international journal
|g Roč. 13, č. 6 (1994), s. 483 [485]-491 [493]
|
| 850 |
|
|
|a Slovenská národná knižnica
|
| 852 |
|
|
|a Slovenská národná knižnica
|
| 958 |
|
|
|a article1
|
| 958 |
|
|
|a OND
|
| 958 |
|
|
|a EUIPO
|
| 999 |
|
|
|c 3049813
|d 3051743
|